| 000 | 01594cam a22004337a 4500 | ||
|---|---|---|---|
| 003 | CHAP | ||
| 005 | 20220329142807.0 | ||
| 008 | 031021s2003 mx d r 00010 spa d | ||
| 010 | _a87826 | ||
| 011 | _a88798 | ||
| 035 | _a99343 | ||
| 040 | _cCHAP | ||
| 090 | _aTesis | ||
| 100 | 0 | 0 |
_aNava Sánchez, Rigoberto. _980480 |
| 245 | 1 | 0 |
_aEfecto de la mezcla de semen en la fertilidad de ovejas Suffolk _c/por Rigoberto Nava Sánchez |
| 260 |
_aChapingo, Méx. : _bEl autor, _c2003 |
||
| 300 |
_a36 h. : _bcuadros |
||
| 502 | _aTesis (Ing. Agr. Esp. en Zootecnia) -- UACH. Departamento de Zootecnia | ||
| 530 | _aTambién disponible en línea | ||
| 590 |
_aALEPH _b10 _c20130110 _lUCH01 _h1455 |
||
| 590 |
_aBATCH-UPD _b10 _c20130110 _lUCH01 _h0344 |
||
| 590 |
_aBATCH-UPD _b10 _c20130110 _lUCH01 _h2315 |
||
| 590 |
_aBATCH-UPD _b10 _c20130410 _lUCH01 _h0017 |
||
| 590 |
_aBATCH-UPD _b10 _c20130914 _lUCH01 _h1513 |
||
| 590 |
_aBATCH-UPD _b10 _c20140324 _lUCH01 _h1441 |
||
| 590 |
_aBATCH-UPD _b10 _c20141002 _lUCH01 _h0820 |
||
| 590 |
_aCONVERSION _b10 _c20130109 _lUCH01 _h1349 |
||
| 650 | 1 | 4 |
_aGanado lanar _xFecundidad. _945181 |
| 650 | 1 | 4 |
_aGanado lanar _xRazas. _945218 |
| 650 | 1 | 4 |
_aGanado Suffolk. _945424 |
| 650 | 1 | 4 |
_aInseminación artificial. _958964 |
| 650 | 1 | 4 |
_aSemen _xGanado lanar. _9103863 |
| 856 |
_3Finding aid _uhttp://10.13.5.2/tesis/99343.pdf _zTeclea aqui |
||
| 901 | _aBK | ||
| 905 | _aMarco A. Mendoza T. | ||
| 942 | _cFOLL | ||
| 949 |
_aTesis _bBC _cTES _d33724000892964 _eTS2 _fc.2 _gDonaciØn _h41505 _i99343 _sb |
||
| 949 |
_aTesis _bBC _cTES _d993431 _eTS1 _gDonaciØn _h41504 _i99343 _sb |
||
| 999 |
_c87826 _d87826 |
||